Central Library OPAC University of Rajshahi

The American Government and its work / (Record no. 5766)

MARC details
000 -LEADER
fixed length control field 00922cam a22002651 4500
001 - CONTROL NUMBER
control field 5766
003 - CONTROL NUMBER IDENTIFIER
rucl marc code BD-RjUL
005 - DATE AND TIME OF LATEST TRANSACTION
control field 20211208234125.0
008 - FIXED-LENGTH DATA ELEMENTS--GENERAL INFORMATION
fixed length control field 07 s1952 nyu 000 0 eng
035 ## - SYSTEM CONTROL NUMBER
System control number (BD-RjUL)
System control number (OCoLC)1457935
040 ## - CATALOGING SOURCE
Original cataloging agency DLC
Transcribing agency FM
Modifying agency OCoLC
-- NSyU
-- DLC
Language of cataloging eng
041 ## - LANGUAGE CODE
Language code of text/sound track or separate title eng
082 ## - DEWEY DECIMAL CLASSIFICATION NUMBER
Classification number 342.73
-- 320.9
Author mark and year CAA 1952
100 1# - MAIN ENTRY--PERSONAL NAME
Personal name Carter, Edward W.
Fuller form of name (Edward Weamer)
9 (RLIN) 18099
245 14 - TITLE STATEMENT
Title The American Government and its work /
Statement of responsibility, etc. [by] Edward W. Carter [and] Charles C. Rohlfing.
260 ## - PUBLICATION, DISTRIBUTION, ETC. (IMPRINT)
Place of publication, distribution, etc. New York,
Name of publisher, distributor, etc. Macmillan
Date of publication, distribution, etc. 1952
300 ## - PHYSICAL DESCRIPTION
Pagination 875 p.
Size 25 cm.
500 ## - GENERAL NOTE
General note "Based on The new American Government and its work, by James T. Young."
651 #0 - SUBJECT ADDED ENTRY--GEOGRAPHIC NAME
Geographic name United States
General subdivision Politics and government
-- Handbooks, manuals, etc.
9 (RLIN) 13840
700 1# - ADDED ENTRY--PERSONAL NAME
Personal name Young, James Thomas,
Dates associated with a name 1873-
942 ## - ADDED ENTRY ELEMENTS (KOHA)
Source of classification or shelving scheme Dewey Decimal Classification
Koha item type Books
Holdings
Lost status Source of classification or shelving scheme Damaged status Not for loan Collection code Permanent Location Current Location Shelving location Date acquired Source of acquisition Total Checkouts Full call number Date last seen Copy number Koha item type
  Dewey Decimal Classification   Not For Loan Non-fiction Central Library, University of Rajshahi Central Library, University of Rajshahi   06/07/1962 Asia Foundation   342.73 CAA 1952 07/01/2014 C-1 Books